Statistics for U.S. Geography by Letter - Y

Click here to take the quiz!

General Stats

  • This quiz has been taken 93 times
  • The average score is 9 of 15

Answer Stats

HintAnswer% Correct
Ivy League university in New HavenYale
99%
America's first national parkYellowstone
98%
Where the Bronx Bombers play{Yankee} Stadium
93%
National park in CaliforniaYosemite
93%
Longest river in Alaska{Yukon} River
83%
City located north of BronxYonkers
80%
Take the 3:10 train to this Arizona townYuma
78%
Biggest city in Central WashingtonYakima
53%
City that was Ohio's 7th largest in 1930,
now it is its 11th largest
Youngstown
52%
Original name of San Francisco{Yerba} Buena
51%
Sacramento metropolitan area county
or Drake's motto
Yolo
48%
Term for a person from
the Upper Peninsula of Michigan
Yooper
33%
Pennsylvanian city nicknamed
"The White Rose City"
York
32%
Nickname of Alabama{Yellowhammer}
State
22%
Only tropical rainforest in the U.S.;
located in Puerto Rico
El {Yunque}
11%

Score Distribution

Percentile by Number Answered

Percent of People with Each Score

Your Score History

You have not taken this quiz